The tools of metaphysics and the metaphysics of science /

Metaphysics has shifted ground, moving away from necessity and possibility as the lens through which we look at things. Ted Sider shapes the agenda for the subject by exploring how this shift transforms the project of understanding the objects, properties, and quantities of the universe, and the rel...

Full description

Bibliographic Details
Main Author: Sider, Theodore (Author)
Format: eBook
Language:English
Published: Oxford, England : Clarendon Press, [2020]
Edition:New product edition.
Subjects:
Online Access:Connect to the full text of this electronic book

MARC

Tag First Indicator Second Indicator Subfields
LEADER 00000cam a2200000 i 4500
001 in00005718621
005 20260319182321.7
006 m o d
007 cr cnu||||||||
008 200413s2020 enk ob 001 0 eng
040 |a AU@  |b eng  |e rda  |e pn  |c AU@  |d OCLCO  |d OCLCF  |d EBLCP  |d YDX  |d N$T  |d KUK  |d STBDS  |d CBY  |d OCLCO  |d UIU  |d OCLCQ  |d OCLCO  |d OCLCL 
019 |a 1141502612  |a 1142505104  |a 1157641908 
020 |a 9780192539458  |q (e-book) 
020 |a 0192539450  |q (e-book) 
020 |a 9780192539465  |q (electronic bk.) 
020 |a 0192539469  |q (electronic bk.) 
020 |z 9780198811565 
020 |z 019881156X 
035 |a (OCoLC)1153566861  |z (OCoLC)1141502612  |z (OCoLC)1142505104  |z (OCoLC)1157641908 
050 4 |a BD111  |b .S534 2020 
082 0 4 |a 110  |2 23 
049 |a TXAM 
100 1 |a Sider, Theodore,  |e author. 
245 1 4 |a The tools of metaphysics and the metaphysics of science /  |c Theodore Sider. 
250 |a New product edition. 
264 1 |a Oxford, England :  |b Clarendon Press,  |c [2020] 
264 4 |c ©2020 
300 |a 1 online resource (246 pages) 
336 |a text  |b txt  |2 rdacontent 
337 |a computer  |b c  |2 rdamedia 
338 |a online resource  |b cr  |2 rdacarrier 
588 0 |a Print version record 
504 |a Includes bibliographical references and index. 
505 0 |a Postmodal Metaphysics and Structuralism -- Nomic Essentialism -- Individuals -- Quantities -- Equivalence -- The Fundamentalist Vision. 
520 |a Metaphysics has shifted ground, moving away from necessity and possibility as the lens through which we look at things. Ted Sider shapes the agenda for the subject by exploring how this shift transforms the project of understanding the objects, properties, and quantities of the universe, and the relations between them, in terms of structures. 
650 0 |a Metaphysics. 
650 2 |a Metaphysics 
650 6 |a Métaphysique. 
650 7 |a metaphysics.  |2 aat 
650 7 |a Metaphysics  |2 fast 
655 7 |a Electronic books.  |2 local 
758 |i has work:  |a The tools of metaphysics and the metaphysics of science (Text)  |1 https://id.oclc.org/worldcat/entity/E39PCG6p3mghGHvb8VDKyXvyV3  |4 https://id.oclc.org/worldcat/ontology/hasWork 
776 0 8 |i Print version:  |a Sider, Theodore.  |t Tools of metaphysics and the metaphysics of science.  |b New product edition.  |d Oxford, England : Clarendon Press, ©2020  |h 246 pages  |z 9780198811565  |w (DLC) 2020931294 
856 4 0 |u http://proxy.library.tamu.edu/login?url=https://academic.oup.com/book/36991  |z Connect to the full text of this electronic book  |t 0 
936 |a BATCHLOAD 
955 |a Oxford Scholarship Online 
994 |a 92  |b TXA 
999 f f |i 4d47375a-d8c1-40a6-a214-e5ec0519dfb6  |s b6c64485-5fe0-48ea-af77-1fc6275eff29  |t 0 
952 f f |a Texas A&M University  |b College Station  |c Electronic Resources  |s www_evans  |d Available Online  |t 0  |e BD111 .S534 2020  |h Library of Congress classification 
998 f f |a BD111 .S534 2020  |t 0  |l Available Online